000 00242nam a2200109Ia 4500
008 200302s9999 xx 000 0 und d
100 _aKengo kuma
245 _aStudies in Organic
260 _bToto Pulishing
260 _c2014
300 _a347
999 _c6503
_d6503